| 000 | 00400nam a2200157Ia 4500 | ||
|---|---|---|---|
| 008 | 230917s9999||||xx |||||||||||||| ||und|| | ||
| 040 |
_e103264 _aMAIN |
||
| 041 | _aEnglish | ||
| 082 | _a658.C459M | ||
| 100 | _aChowdhury , Subir | ||
| 245 | 0 | _aManagement 21c someday well all manage thisway | |
| 250 | _a1st ed. | ||
| 260 |
_aDelhi _bPearson education _c2003 |
||
| 300 | _a289p p. | ||
| 942 | _cBK | ||
| 999 |
_c119389 _d119389 |
||